Introduction to algebra

Gardado en:
Detalles Bibliográficos
Autor Principal: Cameron, Peter J.
Formato: Libro
Publicado: Oxford University Press
Tags: Engadir etiqueta
Sen Etiquetas, Sexa o primeiro en etiquetar este rexistro!

MARC

LEADER 00000nam a2200000Ia 4500
005 20260515061614.0
100 |a Cameron, Peter J. 
020 |a 9780198527930 
942 |c BK 
245 |a Introduction to algebra  
260 |b Oxford University Press 
999 |c 10  |d 10 
952 |0 0  |1 0  |4 0  |7 0  |a ABDN  |b ABDN  |d 2026-05-15  |l 0  |p 000055  |r 2026-05-15 06:16:14  |w 2026-05-15  |y BK